Score 0/10 Timer 02:30
0 Plays Today
Population (2019) Capital % Correct
8,851,080Mexico City
86.4%
16,787,949New Delhi
79.8%
2,891,082Buenos Aires
70.5%
1,381,830Kuala Lumpur
49.9%
1,022,000Guatemala City
46.1%
3,040,740Addis Ababa
42.9%
877,363La Paz
36%
1,111,838Santo Domingo
29.5%
2,011,725Phnom Penh
28.8%
1,235,227Port-au-Prince
25.9%
Remove Ads.
Support Sporcle.
Get the best of Sporcle when you Go Orange. This ad-free experience offers more features, more stats, and more fun while also helping to support Sporcle. Thank you for becoming a member.

You're not logged in!

Compare scores with friends on all Sporcle quizzes.
OR
Log In

Show Comments

Extras

Top Quizzes Today


Score Distribution

Your Account Isn't Verified!

In order to create a playlist on Sporcle, you need to verify the email address you used during registration. Go to your Sporcle Settings to finish the process.

Report this User

Report this user for behavior that violates our Community Guidelines.

Details: